| 000 | 00651nam a2200241Ia 4500 | ||
|---|---|---|---|
| 003 | OSt | ||
| 005 | 20220918192414.0 | ||
| 006 | a|||||r|||| 00| 0 | ||
| 007 | ta | ||
| 008 | 220917b |||||||| |||| 00| 0 eng d | ||
| 024 | _a68,209 | ||
| 037 | _cTextual | ||
| 040 |
_aARTS _cARTS _beng |
||
| 041 |
_2eng _aeng |
||
| 082 | _aO:2J64:9, J54-;1 | ||
| 100 | _aGranville-Barker Harley | ||
| 245 | 0 | _aCompanion to Shakespeare studies | |
| 260 | _c1955 | ||
| 650 | _aENGLISH LITERATURE | ||
| 700 |
_a Harrison G B. _952903 |
||
| 942 |
_hO:2J64:9, J54-;1 _cTEXL _2CC |
||
| 999 |
_c194395 _d194395 |
||